From nuclear refusal to mobilizations against coal: the movements German environmentalists between bifurcation and imbrication (notice n° 1613977)
[ vue normale ]
| 000 -LEADER | |
|---|---|
| fixed length control field | 02001cam a2200169 4500500 |
| 005 - DATE AND TIME OF LATEST TRANSACTION | |
| control field | 20260111054125.0 |
| 041 ## - LANGUAGE CODE | |
| Language code of text/sound track or separate title | fre |
| 042 ## - AUTHENTICATION CODE | |
| Authentication code | dc |
| 100 10 - MAIN ENTRY--PERSONAL NAME | |
| Personal name | Hébert, Jules |
| Relator term | author |
| 245 00 - TITLE STATEMENT | |
| Title | From nuclear refusal to mobilizations against coal: the movements German environmentalists between bifurcation and imbrication |
| 260 ## - PUBLICATION, DISTRIBUTION, ETC. | |
| Date of publication, distribution, etc. | 2024.<br/> |
| 500 ## - GENERAL NOTE | |
| General note | 76 |
| 520 ## - SUMMARY, ETC. | |
| Summary, etc. | During the 1970s, when Germany was separated by the Iron Curtain, powerful environmental movements developed. In West Germany the refusal of the implantation of nuclear power plants brings together farmers, pacifist activists and ecologists; in the East it is the quality of life issues facing industrial pollution that are decisive. The party of the German Greens (Grünen) created in 1980, comes from these movements. It established its institutional legitimacy by strengthening the environmental movements in its action in power in the Länder, then at the federal level. Around emblematic episodes such as the renunciation to build the Wyhl power plant, or the action of the Schönau electricity rebels who foreshadow the citizen energy transition (Bürgerenergiewende), energy issues have become a subject of democratic debate. In 2023, the exit of coal, and particularly lignite, is now acute, while a third of German electricity comes from it. New movements, such as Ende Gelände, fuelled by the climate mobilizations of youth around the world and in Europe, occupy mines and villages, denouncing the weakness of governments and demanding immediate commitments. While the Grünen have been part of the government since 2021, and the war in Ukraine is delaying the transition to a decarbonised economy, these determined, organized and media movements are heralding a new stage in German political ecology. |
| 700 10 - ADDED ENTRY--PERSONAL NAME | |
| Personal name | Schmid, Lucile |
| Relator term | author |
| 786 0# - DATA SOURCE ENTRY | |
| Note | Hérodote | 194 | 3 | 2024-09-19 | p. 181-198 | 0338-487X |
| 856 41 - ELECTRONIC LOCATION AND ACCESS | |
| Uniform Resource Identifier | <a href="https://shs.cairn.info/journal-herodote-2024-3-page-181?lang=en&redirect-ssocas=7080">https://shs.cairn.info/journal-herodote-2024-3-page-181?lang=en&redirect-ssocas=7080</a> |
Pas d'exemplaire disponible.




Réseaux sociaux